[Event "Palma de Mallorca op 4th"]
[Site "Palma de Mallorca"]
[Date "2009.11.24"]
[Round "5"]
[White "Mascaro March, Pedro"]
[Black "Balasch Sagrera, Carles"]
[Result "1-0"]
[WhiteElo "2369"]
[BlackElo "2062"]
[PlyCount "39"]
[EventDate "2009.11.21"]
[EventType "swiss"]
[EventRounds "9"]
[EventCountry "ESP"]
[SourceTitle "EXT 2011"]
[Source "ChessBase"]
[SourceDate "2010.11.26"]
[SourceVersion "1"]
[SourceVersionDate "2010.11.26"]
[SourceQuality "1"]

1. d4 Nf6 2. c4 e5 3. dxe5 Ng4 4. e3 Nxe5 5. Nh3 d6 6. Nf4 g6 7. Nc3 Bg7 8. Be2 a5 9. 0-0 0-0 10. Qc2 Na6 11. b3 Nc5 12. Ba3 b6 13. Rad1 Re8 14. h3 Bd7 15. Nfd5 Nc6 16. Rfe1 Bf5 17. Qd2 Ne5 18. Nf4 Ne4 19. Nxe4 Bxe4 20. Bb2 1-0